000 00640nam a2200241 i 4500
001 C2-0005354
003 PPAK
005 20190630221834.0
008 970125s1989 enka|||| ||||| | eng d
020 _a1850292124
040 _aPPAK
_beng
_cPPAK
_erda
082 0 4 _a649.5
_223
090 0 0 _a649.5
_bJON
_dG
100 1 _aJones, Maggie,
_eauthor
245 1 0 _aPlay and learn
264 1 _aLondon :
_bConran Octopus ,
_c1989
300 _a95 pages :
_billustrations ;
_c24 cm
336 _2rdacontent
_atext
337 _2rdamedia
_aunmediated
338 _2rdacarrier
_avolume
650 1 0 _aChildren's - Paraphernalia
942 _ddc
_cB
999 _c1559
_d1559